00381nam a2200145Ia 4500008004100000020001500041041001200056082001600068100001600084245006600100260003400166300000800200650001400208700001300222221030s9999 xx 000 0 und d a8175152575 aEnglish a105.23bHor aE. Horowitz 0aFundamentals of Computer Algorithmscby E. Horowitz, S. Sahni bGalgotia PubaNew Delhic2006 a769 aComputers aS. Sahni